000
00283nam a22001097a 4500
082
_a
515.07 SMI'M
100
_a
SMITHSON, J.L
_9
78567
245
_a
MATHEMATICS FOR ELECTRICAL AND TELECOMMUNICATIONS TECHNIQUES
260
_a
NEWYORK
_b
MCGRAW HILL
_c
1969
300
_a
212P
942
_c
BK
999
_c
583675
_d
583675